|
|
|
|
| LEADER |
00000cam a2200000Mu 4500 |
| 001 |
EBOOKCENTRAL_on1237405417 |
| 003 |
OCoLC |
| 005 |
20240329122006.0 |
| 006 |
m o d |
| 007 |
cr ||||||||||| |
| 008 |
210213s1992 sp o 000 0 spa d |
| 040 |
|
|
|a EBLCP
|b eng
|e pn
|c EBLCP
|d EBLCP
|d OCLCQ
|d REDDC
|d OCLCF
|d K6U
|d OCLCQ
|d OCLCO
|
| 020 |
|
|
|a 9783964567383
|
| 020 |
|
|
|a 3964567388
|
| 029 |
1 |
|
|a AU@
|b 000069440503
|
| 035 |
|
|
|a (OCoLC)1237405417
|
| 050 |
|
4 |
|a PQ7075
|b .T676 1992
|
| 082 |
0 |
4 |
|a 810.80868073
|2 23
|
| 049 |
|
|
|a UAMI
|
| 100 |
1 |
|
|a Toro, Alfonso de.
|
| 245 |
1 |
4 |
|a Los Laberintos Del Tiempo
|
| 260 |
|
|
|a Madrid :
|b Iberoamericana Editorial Vervuert,
|c 1992.
|
| 300 |
|
|
|a 1 online resource (270 pages)
|
| 336 |
|
|
|a text
|b txt
|2 rdacontent
|
| 337 |
|
|
|a computer
|b c
|2 rdamedia
|
| 338 |
|
|
|a online resource
|b cr
|2 rdacarrier
|
| 490 |
1 |
|
|a Teoría y Crítica de la Cultura y Literatura Ser. ;
|v v.13
|
| 588 |
0 |
|
|a Print version record.
|
| 505 |
0 |
|
|a Intro -- INDICE -- LA ESTRUCTURA DEL TIEMPO Y LA NOVELA CONTEMPORANEA DE ALFONSO DE TORO -- LOS LABERINTOS DE LA NOVELA Y LA MAQUINA CIBERNETICA LLAMADA ALFONSO DE TORO -- PREFACIO DEL AUTOR A LA EDICION ESPAÑOLA -- 0. INTRODUCCION -- I. BASES TEORICAS DE LA INVESTIGACION -- 1. EL'TEXTO' -- 2. HACIA UN MODELO TEMPORAL PARA LA NOVELA CONTEMPORANEA -- SINOPSIS GRAFICA -- II. ANALISIS: TRES TIPOS DE ESTRUCTURAS TEMPORALES EN LA NOVELA CONTEMPORANEA -- 1. CIEN AÑOS DE SOLEDAD: LINEARIDAD Y CIRCULARIDAD COMO SISTEMA IMPERANTE DE RELACIONES TEMPORALES O LA GENESIS DE UN MITO
|
| 505 |
8 |
|
|a 2. LA CASA VERDE'. SIMULTANEIDAD COMO SISTEMA DOMINANTE DE RELACIONES ANACRONICAS TEMPORALES -- 3. LA MAISON DE RENDEZ-VOUS: TRANSFORMACION DE UNA ESTRUCTURA ANACRONICA EN UN SISTEMA DE RELACIONES ACRONICAS: ATEMPORALIDAD COMO LABERINTO -- III. APENDICE: PROCEDIMIENTOS NARRATIVOS Y ESTRUCTURA TEMPORAL EN PEDRO PARAMO DE JUAN RULFO -- 0. INTRODUCCION: PEDRO PARAMO Y LA CRITICA -- 1. EL NIVEL DE LA HISTORIA EN PP -- 2. EL NIVEL DEL DISCURSO EN PP -- 3. RESUMEN -- IV. CONCLUSIONES -- V. BIBLIOGRAFIA -- ABREVIACIONES
|
| 590 |
|
|
|a ProQuest Ebook Central
|b Ebook Central Academic Complete
|
| 650 |
|
0 |
|a Hispanic American literature (Spanish)
|
| 650 |
|
6 |
|a Littérature américaine (espagnole)
|
| 650 |
|
7 |
|a Hispanic American literature (Spanish)
|2 fast
|
| 776 |
0 |
8 |
|i Print version:
|a Toro, Alfonso de.
|t Laberintos Del Tiempo.
|d Madrid : Iberoamericana Editorial Vervuert, ©1992
|z 9783893542031
|
| 830 |
|
0 |
|a Teoría y Crítica de la Cultura y Literatura Ser.
|
| 856 |
4 |
0 |
|u https://ebookcentral.uam.elogim.com/lib/uam-ebooks/detail.action?docID=6474350
|z Texto completo
|
| 938 |
|
|
|a ProQuest Ebook Central
|b EBLB
|n EBL6474350
|
| 994 |
|
|
|a 92
|b IZTAP
|